000 00779nam a22002297a 4500
999 _c17228
_d17228
003 AR-CdUCM
008 190507b ||||| |||| 00| 0 spa d
040 _aMUNICIPALIDAD PROVINCIAL DEL CUSCO
_cBIBLIOTECA MUNICIPAL DEL CUSCO
041 _heng
082 _a609 /
_bB31
100 _aBeckler, Beril
_937111
245 _aGrandes inventos de la humanidad /
260 _aBuenos Aires :
_bPlaza & Janes,
_c1963.
300 _a112 páginas ;
_bIlustraciones,
_c18 cm.
505 _aContenido: Las ilustraciones -- Padre de la era mecánica -- Fuente de energía universal...
650 _aInventos
_921995
650 _aHistoria
_9136
650 _aMáquinas
_920333
700 _aPagliari, Edi B. de (traducción)
_937112
942 _2ddc
_cLIBROS
945 _adavv
_d07/05/2019